000 00525nam a2200181Ia 4500
008 090123s9999 xx 000 0 und d
082 _b36799
100 _aनिपुणगे शीला
245 _aआत्मबोली
250 _a0
260 _bलिनता प्रकाशन
_c2004
300 _a176
600 _aनिपुणगे शीला
630 _aआत्मबोली
700 _aनिपुणगे शीला
730 _aआत्मबोली
942 _cBOOK
999 _c74867
_d74867